Contribución al conocimiento de la anfibiofauna en la región de Caño Limón (Arauca) (Registro nro. 489)

Detalles MARC
000 -CABECERA
Campo de control 00737nam a2200241 a 4500
005 - FECHA Y HORA DE LA ULTIMA TRANSACCION
Campo de control 20180803164816.0
008 - ELEMENTOS DE LONGITUD FIJA—INFORMACION GENERAL
Campo de control 140220b1991 ck |||||rm||| 00| 0 spa d
040 ## - FUENTE DE CATALOGACIÓN
Agencia catalogadora original CO-BoIAVH
Agencia transcriptora CO-BoIAVH
041 ## - IDIOMA
Código de idioma para texto/pista de sonido o título separado Español
044 ## - PAÍS DE PUBLICACIÓN
País de publicación Colombia
090 ## - CLASIFICACIÓN LOCAL
Colección TE
Consecutivo 0041
100 ## - ASIENTO PRINCIPAL--NOMBRE PERSONAL
Nombre personal Bernal R., Gloria Inés
9 (RLIN) 7946
245 ## - MENCION DE TITULO
Título Contribución al conocimiento de la anfibiofauna en la región de Caño Limón (Arauca)
260 ## - PUBLICACION, DISTRIBUCION, ETC. (PIE DE IMPRENTA)
Lugar de publicación, distribución, etc. Bogotá
Nombre del editor, distribuidor, etc. Universidad Nacional de Colombia
Fecha de publicación, distribución, etc. 1991
300 ## - DESCRIPCION FISICA
Extensión 31 p.
650 ## - ASIENTO SECUNDARIO DE MATERIA - TERMINO TEMATICO
Término temático o nombre geográfico como elemento de entrada Anfibios
9 (RLIN) 74832
650 ## - ASIENTO SECUNDARIO DE MATERIA - TERMINO TEMATICO
Término temático o nombre geográfico como elemento de entrada Ecosistemas
9 (RLIN) 74833
650 ## - ASIENTO SECUNDARIO DE MATERIA - TERMINO TEMATICO
Término temático o nombre geográfico como elemento de entrada Inventarios
9 (RLIN) 92201
662 ## - ASIENTO SECUNDARIO DE MATERIA - JERARQUIA DEL NOMBRE DE LUGAR(
País o entidad mayor Colombia
Jurisdicción política intermedia Caño Limón
Jurisdicción política de primer orden Arauca
700 ## - ASIENTO SECUNDARIO - NOMBRE PERSONAL
Nombre personal Niño C., Clara Inés
9 (RLIN) 7949
700 ## - ASIENTO SECUNDARIO - NOMBRE PERSONAL
Nombre personal Cuartas Ch., David Antonio
9 (RLIN) 7950
942 ## - ELEMENTOS ADICIONALES (KOHA)
Tipo de ítem Tesis
Sistema de clasificación Local
Existencias
Withdrawn status Lost status Sistema de Clasificación Damaged status No para préstamo Colección Inventariado Ubicación Permanente Ubicación actual Fecha de adquisición Fuente de Valor Total Checkouts Número topográfico Inventario / Código de Barras Date last seen Date checked out Ejemplar Price effective from Forma de adquisición Tipo de material
    Local     Tesis Inventariado 2017 Bogotá Bogotá 01/07/1998 Instituto Nacional de los Recursos Naturales Renovables y del Medio Ambiente 3 TE-0041 000703 22/12/2014 01/12/2014 Ej. 1 04/12/2012 Donación Tesis